|
|
|
|
| LEADER |
00000caa a22000002c 4500 |
| 001 |
1640197141 |
| 003 |
DE-627 |
| 005 |
20220608131349.0 |
| 007 |
tu |
| 008 |
160223s1990 xx ||||| 00| ||eng c |
| 035 |
|
|
|a (DE-627)1640197141
|
| 035 |
|
|
|a (DE-576)456080104
|
| 035 |
|
|
|a (DE-599)BSZ456080104
|
| 040 |
|
|
|a DE-627
|b ger
|c DE-627
|e rakwb
|
| 041 |
|
|
|a eng
|
| 100 |
1 |
|
|a Edleson, Jeffrey L.
|d 1953-
|0 (DE-588)1065420714
|0 (DE-627)816122903
|0 (DE-576)164440275
|4 aut
|
| 109 |
|
|
|a Edleson, Jeffrey L. 1953-
|
| 245 |
1 |
0 |
|a Relative effectiveness of group treatments for men who batter
|c Jeffrey L. Edleson, Maryann Syers
|
| 264 |
|
1 |
|c 1990
|
| 336 |
|
|
|a Text
|b txt
|2 rdacontent
|
| 337 |
|
|
|a ohne Hilfsmittel zu benutzen
|b n
|2 rdamedia
|
| 338 |
|
|
|a Band
|b nc
|2 rdacarrier
|
| 700 |
1 |
|
|a Syers, Maryann
|4 aut
|
| 773 |
0 |
8 |
|i In
|t Social work research and abstracts
|d New York, NY, 1977
|g 26(1990), 2, Seite 10-17
|w (DE-627)130019216
|w (DE-600)420761-0
|w (DE-576)015561305
|x 0148-0847
|7 nnas
|
| 773 |
1 |
8 |
|g volume:26
|g year:1990
|g number:2
|g pages:10-17
|
| 776 |
1 |
|
|o 10.1093/swra/26.2.10
|
| 935 |
|
|
|a mkri
|
| 951 |
|
|
|a AR
|
| ELC |
|
|
|b 1
|
| LOK |
|
|
|0 000 xxxxxcx a22 zn 4500
|
| LOK |
|
|
|0 001 3301623646
|
| LOK |
|
|
|0 003 DE-627
|
| LOK |
|
|
|0 004 1640197141
|
| LOK |
|
|
|0 005 20160223101338
|
| LOK |
|
|
|0 008 160208||||||||||||||||ger|||||||
|
| LOK |
|
|
|0 040
|a DE-21-110
|c DE-627
|d DE-21-110
|
| LOK |
|
|
|0 689
|a s
|a Therapie
|
| LOK |
|
|
|0 689
|a s
|a Gewalt in der Familie
|
| LOK |
|
|
|0 852
|z Kein Bestand am IfK; Nachweis für KrimDok
|
| LOK |
|
|
|0 852
|a DE-21-110
|
| LOK |
|
|
|0 852 1
|m v
|9 00
|
| LOK |
|
|
|0 935
|a k110
|
| LOK |
|
|
|0 938
|k v
|
| LOK |
|
|
|0 939
|a 08-02-16
|b l01
|
| ORI |
|
|
|a SA-MARC-krimdoka001.raw
|